<?xml version="1.0" encoding="UTF-8"?>
<record
    xmlns:xsi="http://www.w3.org/2001/XMLSchema-instance"
    xsi:schemaLocation="http://www.loc.gov/MARC21/slim http://www.loc.gov/standards/marcxml/schema/MARC21slim.xsd"
    xmlns="http://www.loc.gov/MARC21/slim">

  <leader>01124nam a22002417a 4500</leader>
  <controlfield tag="005">20221128153149.0</controlfield>
  <controlfield tag="008">221128b        ck ||||| |||| 00| 0 spa d</controlfield>
  <datafield tag="020" ind1=" " ind2=" ">
    <subfield code="a">9789585120310 (impreso)</subfield>
  </datafield>
  <datafield tag="050" ind1="0" ind2="4">
    <subfield code="a">F2291.P35 </subfield>
    <subfield code="b">C33 2022</subfield>
  </datafield>
  <datafield tag="100" ind1="1" ind2=" ">
    <subfield code="a">Cobo Mej&#xED;a, Elisa Andrea </subfield>
  </datafield>
  <datafield tag="245" ind1="1" ind2="3">
    <subfield code="a">El Queso de Paipa : </subfield>
    <subfield code="b">relatos, saberes y tradiciones / </subfield>
    <subfield code="c">Elisa Andrea Cobo Mej&#xED;a, Olga Yanet Acu&#xF1;a Rodr&#xED;guez, Ingrid Helena Chaparro Correa, Luis Enrique Albesiano Fern&#xE1;ndez y otros cinco</subfield>
  </datafield>
  <datafield tag="250" ind1=" " ind2=" ">
    <subfield code="a">Primera edici&#xF3;n</subfield>
  </datafield>
  <datafield tag="260" ind1=" " ind2=" ">
    <subfield code="a">Tunja, Colombia : </subfield>
    <subfield code="b">Universidad de Boyac&#xE1; ; </subfield>
    <subfield code="b">Universidad Pedag&#xF3;gica y Tecnol&#xF3;gica de Colombia, </subfield>
    <subfield code="c">2022</subfield>
  </datafield>
  <datafield tag="300" ind1=" " ind2=" ">
    <subfield code="a">256 paginas : </subfield>
    <subfield code="b">ilustraciones a color, </subfield>
    <subfield code="c">24 cm. </subfield>
  </datafield>
  <datafield tag="490" ind1="0" ind2=" ">
    <subfield code="a">Colecci&#xF3;n Investigaci&#xF3;n</subfield>
  </datafield>
  <datafield tag="650" ind1=" " ind2="7">
    <subfield code="2">lemb</subfield>
    <subfield code="a">Quesos</subfield>
    <subfield code="x">Producci&#xF3;n </subfield>
    <subfield code="z">Paipa, Boyac&#xE1;</subfield>
    <subfield code="z">Colombia</subfield>
  </datafield>
  <datafield tag="650" ind1=" " ind2="7">
    <subfield code="2">lemb</subfield>
    <subfield code="a">Quesos</subfield>
    <subfield code="x">Rutas y mercado </subfield>
    <subfield code="z">Paipa, Boyac&#xE1;</subfield>
    <subfield code="z">Colombia</subfield>
  </datafield>
  <datafield tag="650" ind1=" " ind2="7">
    <subfield code="2">lemb </subfield>
    <subfield code="a">Quesos</subfield>
    <subfield code="x">Consumo</subfield>
    <subfield code="z">Paipa, Boyac&#xE1;</subfield>
    <subfield code="z">Colombia</subfield>
  </datafield>
  <datafield tag="700" ind1="1" ind2=" ">
    <subfield code="a">Acu&#xF1;a Rodr&#xED;guez, Olga Yanet , </subfield>
  </datafield>
  <datafield tag="700" ind1="1" ind2=" ">
    <subfield code="a">Chaparro Correa, Ingrid Helena, </subfield>
    <subfield code="e">autor</subfield>
  </datafield>
  <datafield tag="700" ind1="1" ind2=" ">
    <subfield code="a">Albesiano Fern&#xE1;ndez, Luis Enrique</subfield>
    <subfield code="e">autor</subfield>
  </datafield>
  <datafield tag="942" ind1=" " ind2=" ">
    <subfield code="2">lcc</subfield>
    <subfield code="c">LIB</subfield>
  </datafield>
  <datafield tag="999" ind1=" " ind2=" ">
    <subfield code="c">165483</subfield>
    <subfield code="d">165481</subfield>
  </datafield>
  <datafield tag="952" ind1=" " ind2=" ">
    <subfield code="1">0</subfield>
    <subfield code="2">lcc</subfield>
    <subfield code="4">0</subfield>
    <subfield code="7">0</subfield>
    <subfield code="a">INV-033</subfield>
    <subfield code="b">INV-033</subfield>
    <subfield code="c">GENERAL</subfield>
    <subfield code="d">2022-11-28</subfield>
    <subfield code="f">1a ed.</subfield>
    <subfield code="i">H</subfield>
    <subfield code="k">CSA</subfield>
    <subfield code="l">0</subfield>
    <subfield code="o">F2291.P35 C33 2022</subfield>
    <subfield code="p">IIH000033985</subfield>
    <subfield code="r">2022-11-28 00:00:00</subfield>
    <subfield code="t">C:1</subfield>
    <subfield code="v">1.00</subfield>
    <subfield code="y">LIB</subfield>
  </datafield>
</record>
